ՀՀ Գիտությունների ազգային ակադեմիայի հիմնարար գիտական գրադարան  =   Fundamental Scientific Library of NAS RA

Чежньа за вртом : (Record no. 231738)

MARC details
000 -LEADER
fixed length control field 00682nam a2200229 u 4500
001 - CONTROL NUMBER
control field 000577961
003 - CONTROL NUMBER IDENTIFIER
control field AM-YeHGA
005 - DATE AND TIME OF LATEST TRANSACTION
control field 20250617141048.0
008 - FIXED-LENGTH DATA ELEMENTS--GENERAL INFORMATION
fixed length control field 080418s1993 yu r 000 0 srp d
020 ## - INTERNATIONAL STANDARD BOOK NUMBER
International Standard Book Number 8681277863
040 ## - CATALOGING SOURCE
Original cataloging agency AM-YeHGA
041 0# - LANGUAGE CODE
Language code of text/sound track or separate title srp
090 ## - LOCALLY ASSIGNED LC-TYPE CALL NUMBER (OCLC); LOCAL CALL NUMBER (RLIN)
-- 233292
100 1# - MAIN ENTRY--PERSONAL NAME
Personal name Вукашиновић, Верольуб
245 10 - TITLE STATEMENT
Title Чежньа за вртом :
Remainder of title песме /
Statement of responsibility, etc. Верольуб Вукашиновић.
260 ## - PUBLICATION, DISTRIBUTION, ETC.
Place of publication, distribution, etc. Земун ;
-- Београд :
Name of publisher, distributor, etc. Сфаирос,
-- [Олимпос],
Date of publication, distribution, etc. 1993.
300 ## - PHYSICAL DESCRIPTION
Extent 41 p.
440 #0 - SERIES STATEMENT/ADDED ENTRY--TITLE
Title Стихосфера
Volume/sequential designation 6
500 ## - GENERAL NOTE
General note In Serbian (Cyrillic)
650 14 - SUBJECT ADDED ENTRY--TOPICAL TERM
Topical term or geographic name entry element Serbian poetry
942 ## - ADDED ENTRY ELEMENTS (KOHA)
Source of classification or shelving scheme Universal Decimal Classification
Koha item type Գրքեր / Books
Holdings
Withdrawn status Lost status Damaged status Not for loan Collection Home library Current library Date acquired Cost, normal purchase price Shelving control number Total checkouts Full call number Barcode Date last seen Price effective from Koha item type Public note
        General Fundamental Scientific Library Fundamental Scientific Library 28/12/2016 400.00     И II/113874 320113874 28/12/2016 28/12/2016 Գրքեր / Books 30 Days Loan


ՀՀ ԳԱԱ հիմնարար գիտական գրադարան
ՀՀ,Երևան 0019
Մարշալ Բաղրամյան 24/6
հեռախոս:(374-10) 52-47-50
Հետադարձ կապ

All site content, except where otherwise noted, is licensed under a
Creative Commons License